000 00931nam a22002057a 4500
001 121266
008 141222s2022 xxk|||||o|||| 00| 0 eng d
041 _aeng
110 _aRoyal Institution of Chartered Surveyors
245 _aAnti-money laundering sanctions update
_h[electronic resource]
260 _aUnited Kingdom,
_bRoyal Institution of Chartered Surveyors,
_cMarch 2022
300 _a4p.
520 _aRICS has developed guidance intended to support members and firms in the UK to understand their obligations under the Sanctions Regime given the increased risks associated with the Ukraine crisis.
650 _aMONEY LAUNDERING
650 _aPROFESSIONAL CONDUCT
650 _aSANCTIONS
651 _aUnited Kingdom
856 _uhttps://www.rics.org/profession-standards/rics-standards-and-guidance/conduct-competence/aml-bribery-corruption-terrorist-financing
_zAvailable free on RICS.org
942 _n0
999 _c121266
_d121266